<?xml version="1.0" encoding="UTF-8"?>
<record
    xmlns:xsi="http://www.w3.org/2001/XMLSchema-instance"
    xsi:schemaLocation="http://www.loc.gov/MARC21/slim http://www.loc.gov/standards/marcxml/schema/MARC21slim.xsd"
    xmlns="http://www.loc.gov/MARC21/slim">

  <leader>01549nas a2200277Ia 4500</leader>
  <controlfield tag="001">R220-R1898</controlfield>
  <controlfield tag="003">IT-CnALBA</controlfield>
  <controlfield tag="008">170116c99999999xx ||||||||||||   ||und||</controlfield>
  <datafield tag="040" ind1=" " ind2=" ">
    <subfield code="a">IT-CnALBA</subfield>
    <subfield code="c">IT-CnALBA</subfield>
  </datafield>
  <datafield tag="041" ind1=" " ind2=" ">
    <subfield code="a">FRANCESE </subfield>
  </datafield>
  <datafield tag="100" ind1=" " ind2=" ">
    <subfield code="a">GOLDSTAIN DOM JACQUES, OSB.</subfield>
  </datafield>
  <datafield tag="210" ind1=" " ind2=" ">
    <subfield code="a">EN CE TEMPS LA</subfield>
  </datafield>
  <datafield tag="222" ind1=" " ind2=" ">
    <subfield code="a">EN CE TEMPS LA</subfield>
  </datafield>
  <datafield tag="245" ind1=" " ind2="0">
    <subfield code="a">EN CE TEMPS-LA'. LA BIBLE. II LIVRE DES CHRONIQUES C. VI-XXIII. PUBLICATION HEBDOMADAIRE. N. 31. </subfield>
  </datafield>
  <datafield tag="250" ind1=" " ind2=" ">
    <subfield code="a">1a ed.</subfield>
  </datafield>
  <datafield tag="260" ind1=" " ind2=" ">
    <subfield code="a"> ODEGE BRUXEL.</subfield>
    <subfield code="b">FEMMES D'AUJOURD'HUI ED.</subfield>
    <subfield code="c">n.d.</subfield>
  </datafield>
  <datafield tag="300" ind1=" " ind2=" ">
    <subfield code="a">32 p. </subfield>
  </datafield>
  <datafield tag="310" ind1=" " ind2=" ">
    <subfield code="a">SETTIMANALE</subfield>
  </datafield>
  <datafield tag="362" ind1=" " ind2=" ">
    <subfield code="a">Fascicolo: 31 /  </subfield>
  </datafield>
  <datafield tag="500" ind1=" " ind2=" ">
    <subfield code="a">ETA D'ORO DEI RE. DAVIDE E SALOMONE. TEMPIO DI SALOMONE. HALPERN M. C. FANUCCHI G. FONTI DELLE CRONACHE. RISPOETE AI LETTORI. CRISOLIT P. CLINCHAMPS DE P. LA PASQUA. II LINRO DELLE CRONACHE. RUBEN SIMEONE GAD LEVI. GLORIA DI DIO. REGINA DI SABA. INFEDELT&#xC0; DI ROBOAMO. GUERRA TRA ABIA E GEROBOAMO. PACE DI ASA. FEDELT&#xC0; DI GIOSAFAT. ALLEANZA CON ACAB. </subfield>
  </datafield>
  <datafield tag="501" ind1=" " ind2=" ">
    <subfield code="a">Societ&#xE0; San Paolo EM - Piazza San Paolo, 14 - 12051 ALBA (CN)  (non commercial uses only) &#xAE; Copyright 2017</subfield>
  </datafield>
  <datafield tag="520" ind1=" " ind2=" ">
    <subfield code="a">ETA D'ORO DEI RE. DAVIDE E SALOMONE. TEMPIO DI SALOMONE. HALPERN M. C. FANUCCHI G. FONTI DELLE CRONACHE. RISPOETE AI LETTORI. CRISOLIT P. CLINCHAMPS DE P. LA PASQUA. II LINRO DELLE CRONACHE. RUBEN SIMEONE GAD LEVI. GLORIA DI DIO. REGINA DI SABA. INFEDELT&#xC0; DI ROBOAMO. GUERRA TRA ABIA E GEROBOAMO. PACE DI ASA. FEDELT&#xC0; DI GIOSAFAT. ALLEANZA CON ACAB. </subfield>
  </datafield>
  <datafield tag="650" ind1=" " ind2=" ">
    <subfield code="a">BIBBIA - TESTI E COMMENTI</subfield>
  </datafield>
  <datafield tag="942" ind1=" " ind2=" ">
    <subfield code="c">CR</subfield>
  </datafield>
  <datafield tag="957" ind1=" " ind2=" ">
    <subfield code="7">1</subfield>
  </datafield>
  <datafield tag="999" ind1=" " ind2=" ">
    <subfield code="a">11876</subfield>
    <subfield code="b">NO</subfield>
    <subfield code="g">1</subfield>
    <subfield code="c">319973</subfield>
    <subfield code="d">319973</subfield>
  </datafield>
  <datafield tag="952" ind1=" " ind2=" ">
    <subfield code="0">0</subfield>
    <subfield code="1">0</subfield>
    <subfield code="4">0</subfield>
    <subfield code="6">R_220R1898</subfield>
    <subfield code="7">1</subfield>
    <subfield code="a">ALBA</subfield>
    <subfield code="b">ALBA</subfield>
    <subfield code="d">2017-01-16</subfield>
    <subfield code="l">0</subfield>
    <subfield code="o">R220-R1898</subfield>
    <subfield code="r">2017-01-16 00:00:00</subfield>
    <subfield code="w">2017-01-16</subfield>
    <subfield code="y">CR</subfield>
    <subfield code="z">(data import: 16 gennaio 2017) - By Epidotti, Vaglietti. </subfield>
  </datafield>
</record>
